|
|
|
|
| LEADER |
00000nam0a2200000 4500 |
| 001 |
103601 |
| 005 |
20241206095841.0 |
| 035 |
|
|
|a (RuTPU)RU\TPU\book\111695
|
| 090 |
|
|
|a 103601
|
| 100 |
|
|
|a 20061019d1961 km y0rusy50 ca
|
| 101 |
0 |
|
|a rus
|
| 102 |
|
|
|a RU
|
| 105 |
|
|
|a a z 101zy
|
| 200 |
1 |
|
|a Применение поверхностно-активных веществ в нефтяной промышленности
|e труды первого Всесоюзного совещания по применению поверхностно-активных веществ в нефтяной промышленности и их производству, 10-13 февр. 1960 г.
|f Уфимский нефтяной научно-исследовательский институт; под ред. П. А. Ребиндера
|
| 210 |
|
|
|a Москва
|c Гостоптехиздат
|d 1961
|
| 215 |
|
|
|a 288 с.
|c ил.
|
| 320 |
|
|
|a Библиогр. в конце докл.
|
| 610 |
1 |
|
|a поверхностно-активные вещества
|
| 610 |
1 |
|
|a нефтяная промышленность
|
| 610 |
1 |
|
|a применение
|
| 610 |
1 |
|
|a сборники
|
| 610 |
1 |
|
|a конференции
|
| 675 |
|
|
|a 622.323.245(063)
|v 3
|
| 675 |
|
|
|a 665.52(063)
|v 3
|
| 702 |
|
1 |
|a Ребиндер
|b П. А.
|g Петр Александрович
|4 340
|
| 712 |
0 |
2 |
|a Уфимский государственный научно-исследовательский и проектный институт нефтяной промышленности
|2 stltpush
|3 (RuTPU)RU\TPU\col\27950
|9 28971
|
| 801 |
|
1 |
|a RU
|b 63413507
|c 20061019
|g PSBO
|
| 801 |
|
2 |
|a RU
|b 63413507
|c 20230323
|g PSBO
|
| 942 |
|
|
|c BK
|